000 00503nam a22001817a 4500
003 OSt
005 20180116183053.0
008 160901b xxu||||| |||| 00| 0 eng d
020 _a0393019438
040 _c0
082 _a958 HOP 1984
100 _aHopkirk,Peter.
245 _aSetting The East Ablaze :
_bLenin's Dream of an Empire in Asia.
_cPeter Hopkirk
260 _aRawalpindi
_bservices book club.
_c1984.
300 _a252 p.
_bHB.
440 _aSetting The East Ablaze :
942 _2ddc
_cBK
999 _c351717
_d351717